Statystyki dla 10 najbardziej skorumpowanych państw w europie

Kliknij tutaj aby rozwiązać quiz!

Ogólne statystyki

  • Ten quiz został rozwiązany 41 razy
  • Średni wynik to 9 z 10

Statystyki odpowiedzi

MiejscePaństwo% Poprawnych
2Ukraina
100%
1Rosja
98%
3Bośnia i hercegowina
93%
7Kosowo
93%
4Serbia
93%
5Albania
90%
10Czarnogóra
90%
9Bułgaria
88%
6Macedonia Północna
88%
8Węgry
80%

Rozkład punktacji

Percentyl według liczby udzielonych odpowiedzi

Procent ludzi z każdym wynikiem

Twoja historia wyników

Nie rozwiązałeś tego quizu